| 000 | 00690nam a22002177a 4500 | ||
|---|---|---|---|
| 003 | OSt | ||
| 005 | 20251023074451.0 | ||
| 008 | 251023b |||||||| |||| 00| 0 eng d | ||
| 020 | _a978-858-9090 | ||
| 040 |
_aDWC-Main lib. _cOC |
||
| 082 |
_2Second edition _aFil. 621.3192 F178e 2000 |
||
| 100 | _aMax B. Fajardo JR. | ||
| 245 |
_aElectrical layout and estimate/ _cMax B. Fajardo Jr. |
||
| 250 | _aSecond edition | ||
| 260 |
_aManila: _b5138 Trading _c, c2000. |
||
| 300 |
_a340 pages: _b illustrations ; _c22cm. |
||
| 504 | _aIncludes bibliographical references | ||
| 650 | _aElectric circuits | ||
| 650 | _a2. Electric devices | ||
| 942 |
_2ddc _cBK - FIL _eSecond edition _kFil. _n0 |
||
| 999 |
_c5063 _d5063 |
||